000
00192 a2200097 4500
020
_a
9780805209709
041
_a
eng
100
_a
Helen y Scott nearings
245
_a
The good life
942
_c
K
999
_c
26961
_d
26961